| 000 | 00408nam a22001457a 4500 | ||
|---|---|---|---|
| 008 | 250709b |||||||| |||| 00| 0 eng d | ||
| 020 | _a9780300125122 | ||
| 050 |
_aHC800 _b.C35 |
||
| 100 | _aCaldeiisi Robert | ||
| 245 | _aThe Trouble with Africa: Why Foreign Aid isn't Working | ||
| 260 |
_aLondon _bYale University Press _c2006 |
||
| 300 | _avi, 249p. | ||
| 650 | _aEconomic assistance-Africa | ||
| 942 | _cBK | ||
| 999 |
_c4237 _d4237 |
||